Structure and interpretation of computer programs /

Guardado en:
Autor Principal: Abelson, Harold.
Otros Autores: Sussman, Gerald Jay., Sussman, Julie.
Formato: Libro
Idioma:English
Publicado: Cambridge, Mass. : New York : MIT Press ; McGraw-Hill, c1996.
Edición:2nd ed.
Materias:
Acceso en línea:Publisher description
Table of contents
Etiquetas: Agregar Etiqueta
Sin Etiquetas, Sea el primero en etiquetar este registro!
LEADER 01214nam a22003015a 4500
001 DCC.dcic000002
008 960408s1996####maua#####b####001#0#eng##
005 20151123110457.0
245 1 0 |a Structure and interpretation of computer programs /  |c Harold Abelson and Gerald Jay Sussman, with Julie Sussman ; foreword by Alan J. Perlis. 
250 |a 2nd ed. 
260 |a Cambridge, Mass. :  |b MIT Press ;  |a New York :  |b McGraw-Hill,  |c c1996. 
300 |a xxiii, 657 p. :  |b ill. ;  |c 24 cm. 
504 |a Includes bibliographical references (p. [611]-617) and index. 
020 |a 0262011530 (MIT Press hardcover) 
020 |a 0070004846 (McGraw-Hill hardcover) 
100 1 |a Abelson, Harold. 
700 1 |a Sussman, Gerald Jay. 
700 1 |a Sussman, Julie. 
082 0 0 |a 005.13/3  |2 20 
650 0 |a Computer programming. 
650 0 |a LISP (Computer program language) 
010 |a  96017756  
040 |a DLC  |c DLC  |d DLC 
050 0 0 |a QA76.6  |b .A255 1996 
856 4 2 |3 Publisher description  |u http://www.loc.gov/catdir/description/mh022/96017756.html 
856 4 1 |3 Table of contents  |u http://www.loc.gov/catdir/toc/mh022/96017756.html 
859 |a DCIC  |b BIB. COMPUTACION  |p 0003  |t 1 
859 |a DCIC  |b BIB. COMPUTACION  |p 1668  |t 2